00484nam a22001457a 450000500170000000800410001702000150005808200170007324500910009026000430018130000140022465000430023865000280028170000290030920240319113937.0240211b |||||||| |||| 00| 0 eng d a9280620088 a362.795bSOU aSouth Asia consultations on achieving the goals of the 1990s for children development  bTha UNICEF region of South Asia,c1992 ax., 86 p. aCHILDREN WELFARE-South Asian countries aSocial welfare services aMatthai, Thomas P. eed.